000 00518nam a2200193Ii 4500
003 JO-AjNU
008 230606s9999||||xx |||||||||||||| ||und||
020 _a0-471-46425-2
040 _aJO-AjNU
_beng
_erda
_cJO-AjNU
041 _aeng
050 1 4 _aKF2042.H6.H67.2005
100 3 _aBarth,J.D ، Stephen,
_eauthor
_91697
245 0 0 _aHospitality Law
264 3 1 _aCanda : Wiley،2005
300 _a427p
336 _atext
_btxt
_2rdacontent
337 _aunmediated
_bn
_2rdamedia
338 _avolume
_bnc
_2rdacarrier
999 _aE894
_c894
_d894